000 00860nam a2200229 c 4500
001 000001752
003 RuMoIPM
005 20260512110634.0
008 121112s1975 ur a||p|||||||||||||rus d
035 _a(RuMoIPM Bibliobus) 001957
040 _aRuMoIPM
_brus
_ercr
041 _arus
080 _a51:62
100 1 _aСигорский, Виталий Петрович
245 0 0 _aМатематический аппарат инженера
_cВ. П. Сигорский
260 _aКиев
_bТехнiка
_c1975
300 _a766 с.
_bил.
504 _aПредм. указ.: с. 753-764
504 _aБиблиогр. в конце гл.
887 _aСигорский В.П. Математический аппарат инженера / Сигорский В.П. — Киев : Технiка, 1975. — 768 с.
_2Bibliobus
942 _cBK
999 _c1752
_d1752